[Event "119th YMCA Winter-D"]
[Site "Warszawa"]
[Date "2013.02.26"]
[Round "8"]
[White "Jackiewicz, Jerzy"]
[Black "Duniec, Mateusz"]
[Result "0-1"]
[WhiteElo "1522"]
[BlackElo "1619"]
[PlyCount "106"]
[EventDate "2013.01.08"]
[EventType "tourn"]
[EventRounds "1"]
[EventCountry "POL"]
[SourceDate "2013.01.07"]

1. e4 c5 2. Nf3 d6 3. d4 cxd4 4. Nxd4 Nf6 5. Nc3 g6 6. f4 Nc6 7. Nf3 Nd7 8. Be3
Bg7 9. Qd2 a6 10. Bd3 O-O 11. O-O b5 12. Rab1 Bb7 13. Ne2 Nc5 14. a3 Rc8 15.
Ng3 Nxd3 16. cxd3 e6 17. d4 d5 18. e5 Qa5 19. Rfc1 Qxd2 20. Bxd2 a5 21. Rc5
Nxd4 22. Rxc8 Nxf3+ 23. gxf3 Rxc8 24. Bxa5 Rc2 25. Bc3 Bh6 26. Re1 d4 27. Bxd4
Bxf3 28. Re3 Rg2+ 29. Kf1 Bd5 30. Rc3 Rxh2 31. Rc8+ Kg7 32. f5 Bf4 33. f6+ Kh6
34. Ne2 Kg5 35. Nxf4 Kxf4 36. Rf8 Kf3 37. Ke1 Ke4 38. Bc3 Ke3 39. Bd4+ Kxd4 40.
Rc8 Rxb2 41. Rc7 Ke3 42. Rc3+ Kd4 43. Rc7 Kxe5 44. Rxf7 Kf5 45. Rf8 e5 46. f7
h5 47. Rb8 Bxf7 48. a4 Bc4 49. a5 Ra2 50. Ra8 h4 51. a6 Bd5 52. Ra7 h3 53. Rh7
h2 0-1

[Event "119th YMCA Winter-D"]
[Site "Warszawa"]
[Date "2013.03.06"]
[Round "8"]
[White "Rodak, Przemyslaw"]
[Black "Wilczynski, Adam"]
[Result "1/2-1/2"]
[WhiteElo "1684"]
[BlackElo "1648"]
[Annotator "Admin"]
[PlyCount "121"]
[EventDate "2013.01.08"]
[EventType "tourn"]
[EventRounds "1"]
[EventCountry "POL"]
[SourceDate "2013.01.07"]

1. d4 Nf6 2. c4 e6 3. Nf3 b6 4. e3 Bb7 5. Be2 Bb4+ 6. Bd2 a5 7. a3 Be7 8. O-O
Ne4 9. Nc3 f5 10. h3 O-O 11. Nxe4 fxe4 12. Nh2 d6 13. f4 exf3 14. Bxf3 Bxf3 15.
Rxf3 Nd7 16. Rxf8+ Qxf8 17. Qa4 Nf6 18. Qc6 Rc8 19. b4 axb4 20. axb4 Qe8 21.
Qf3 d5 $11 22. c5 bxc5 23. bxc5 Ne4 24. Be1 Bg5 25. Ng4 Qb5 26. h4 Rf8 27. Qh3
Rf1+ 28. Kh2 Bd8 29. Ra8 Rxe1 30. Rxd8+ Kf7 31. Ne5+ Ke7 32. Rd7+ Qxd7 33. Nxd7
Rh1+ 34. Kxh1 Nf2+ 35. Kh2 Nxh3 36. Kxh3 Kxd7 37. Kg4 Ke7 38. Kf4 Kf6 39. g4 h6
40. g5+ hxg5+ 41. hxg5+ Ke7 42. Ke5 c6 43. e4 Kd7 44. exd5 exd5 45. Kf5 Ke7 46.
Kg6 Kf8 47. Kh7 Kf7 48. Kh8 Kg6 49. Kg8 Kxg5 50. Kxg7 Kf5 51. Kf7 Ke4 52. Ke6
Kxd4 53. Kd6 Ke4 54. Kxc6 d4 55. Kb7 d3 56. c6 d2 57. c7 d1=Q 58. c8=Q Qb3+ 59.
Ka7 Qa4+ 60. Qa6 Qxa6+ 61. Kxa6 1/2-1/2

[Event "119th YMCA Winter-D"]
[Site "Warszawa"]
[Date "2013.03.11"]
[Round "9"]
[White "Duniec, Mateusz"]
[Black "Rodak, Przemyslaw"]
[Result "0-1"]
[WhiteElo "1619"]
[BlackElo "1684"]
[PlyCount "48"]
[EventDate "2013.01.08"]
[EventType "tourn"]
[EventRounds "1"]
[EventCountry "POL"]
[SourceDate "2013.01.07"]

1. e4 e6 2. d4 d5 3. Nd2 dxe4 4. Nxe4 Nf6 5. Bg5 Be7 6. Nxf6+ Bxf6 7. Bxf6 Qxf6
8. Nf3 b6 9. Bb5+ c6 10. Bd3 Bb7 11. Be4 Qf4 12. Qe2 Nd7 13. Ne5 Nxe5 14. dxe5
Rd8 15. g3 Qg5 16. f4 Qe7 17. Qc4 O-O 18. Rd1 Rxd1+ 19. Kxd1 Rd8+ 20. Kc1 Qd7
21. b3 Qd2+ 22. Kb1 Rd4 23. Qxd4 Qxd4 24. Bf3 Qd8 0-1

[Event "119th YMCA Winter-D"]
[Site "Warszawa"]
[Date "2013.03.05"]
[Round "9"]
[White "Bartczak, Hanna"]
[Black "Jackiewicz, Jerzy"]
[Result "1-0"]
[WhiteElo "1543"]
[BlackElo "1522"]
[PlyCount "67"]
[EventDate "2013.01.08"]
[EventType "tourn"]
[EventRounds "1"]
[EventCountry "POL"]
[SourceDate "2013.01.07"]

1. Nf3 f5 2. d4 e6 3. c4 Nf6 4. e3 c5 5. Be2 cxd4 6. exd4 Bb4+ 7. Bd2 Qb6 8.
O-O Bxd2 9. Qxd2 O-O 10. Nc3 Nc6 11. d5 Nd8 12. Rad1 Nf7 13. b3 e5 14. Na4 Qd8
15. c5 d6 16. Bc4 Ne4 17. Qb2 Qf6 18. b4 Kh8 19. Rfe1 Bd7 20. Nc3 Nfg5 21. Nxg5
Nxg5 22. Nb5 dxc5 23. bxc5 Qg6 24. Kh1 Ne4 25. Nc7 Rab8 26. Ne6 Rfc8 27. f3
Nxc5 28. Nxc5 Rxc5 29. Qxe5 Rbc8 30. Bb3 b6 31. Qe7 Qe8 32. d6 Qd8 33. Be6 Qxe7
34. dxe7 1-0

[Event "119th YMCA Winter-D"]
[Site "Warszawa"]
[Date "2013.03.25"]
[Round "9"]
[White "Chylewski, Patryk"]
[Black "Kaniewska, Emilia"]
[Result "1-0"]
[WhiteElo "1666"]
[BlackElo "1620"]
[PlyCount "49"]
[EventDate "2013.01.08"]
[EventType "tourn"]
[EventRounds "1"]
[EventCountry "POL"]
[SourceDate "2013.01.07"]

1. e4 c5 2. Nf3 d6 3. d4 cxd4 4. Nxd4 Nf6 5. Nc3 a6 6. Bg5 e6 7. f4 h6 8. Bh4
Be7 9. Qf3 Qc7 10. O-O-O b5 11. g4 b4 12. Nce2 Bb7 13. Bxf6 Bxf6 14. h4 Nd7 15.
g5 Bxd4 16. Nxd4 h5 17. g6 Nf6 18. gxf7+ Qxf7 19. Re1 Rc8 20. Bh3 Qg6 21. Bxe6
Bxe4 22. Bxc8 Kd8 23. Rxe4 Kxc8 24. Re7 Kd8 25. Qb7 1-0

[Event "119th YMCA Winter-D"]
[Site "Warszawa"]
[Date "2013.03.05"]
[Round "9"]
[White "Kalhorn, Marcin"]
[Black "Krzyzanowski, Antoni"]
[Result "0-1"]
[WhiteElo "1635"]
[BlackElo "1708"]
[Annotator "Admin"]
[PlyCount "116"]
[EventDate "2013.01.08"]
[EventType "tourn"]
[EventRounds "1"]
[EventCountry "POL"]
[SourceDate "2013.01.07"]

1. d4 Nf6 2. Nc3 d5 3. Bg5 Nbd7 4. Qd3 h6 5. Bf4 c6 6. e4 dxe4 7. Nxe4 Nxe4 8.
Qxe4 Nf6 9. Qd3 Bg4 10. Be2 e6 11. Nf3 Qa5+ 12. Bd2 Qc7 13. Qb3 Rd8 14. c3 Bd6
15. h3 Bh5 16. O-O-O Nd5 17. g3 b5 18. Rde1 a5 19. Nh4 Bxe2 20. Rxe2 O-O 21.
Qd1 c5 22. dxc5 Bxc5 23. Kb1 b4 24. Qe1 bxc3 25. Bxc3 Nxc3+ 26. Qxc3 Qb6 27.
Qf3 Rd5 28. g4 Rfd8 29. Rc2 Rd2 30. Rf1 R8d3 31. Qa8+ Kh7 32. Qe4+ g6 33. Qf4
Rd1+ 34. Rxd1 Rxd1+ 35. Rc1 Rxc1+ 36. Kxc1 f5 37. gxf5 exf5 38. Qe5 Bd4 39.
Qe7+ Bg7 40. Qe2 $11 Qc6+ 41. Kb1 Qh1+ 42. Kc2 Qxh3 43. Nf3 Qg4 44. Kd3 Bxb2
45. Qxb2 Qxf3+ 46. Kc4 Qc6+ 47. Kd3 h5 48. Qe5 Qf3+ 49. Kd2 Qxf2+ 50. Kc3 Qf3+
51. Kb2 Qg2+ 52. Kc1 h4 53. Qxa5 h3 54. Qe1 Qc6+ 55. Kd1 Qd5+ 56. Kc1 Qc4+ 57.
Kd1 Qd4+ 58. Kc2 Qe4+ $138 0-1

[Event "119th YMCA Winter-D"]
[Site "Warszawa"]
[Date "2013.03.04"]
[Round "9"]
[White "Budrewicz, Henryk"]
[Black "Duda, Ryszard"]
[Result "0-1"]
[WhiteElo "1585"]
[BlackElo "1635"]
[PlyCount "60"]
[EventDate "2013.01.08"]
[EventType "tourn"]
[EventRounds "1"]
[EventCountry "POL"]
[SourceDate "2013.01.07"]

1. d4 Nf6 2. Bf4 d5 3. e3 e6 4. Bd3 c5 5. c3 Nc6 6. Nd2 cxd4 7. exd4 Bd6 8.
Bxd6 Qxd6 9. Ngf3 O-O 10. O-O e5 11. dxe5 Nxe5 12. Nxe5 Qxe5 13. Re1 Qc7 14. h3
a6 15. Nf3 h6 16. Nd4 Re8 17. Qf3 Bd7 18. g4 Re5 19. Nf5 Rae8 20. Red1 Ne4 21.
Nd4 Rg5 22. Kh1 h5 23. Rg1 hxg4 24. Qe3 Rh5 25. Rg3 Nxg3+ 26. Qxg3 Rxh3+ 27.
Kg2 Rxg3+ 28. fxg3 Re3 29. Ne2 Rxd3 30. Nf4 Rd2+ 0-1

[Event "119th YMCA Winter-D"]
[Site "Warszawa"]
[Date "2013.03.12"]
[Round "10"]
[White "Sanz-Wawer, Daniel"]
[Black "Budrewicz, Henryk"]
[Result "1/2-1/2"]
[WhiteElo "1572"]
[BlackElo "1585"]
[Annotator "Admin"]
[PlyCount "119"]
[EventDate "2013.01.08"]
[EventType "tourn"]
[EventRounds "1"]
[EventCountry "POL"]
[SourceDate "2013.01.07"]

1. d4 e6 2. Nf3 b6 3. c4 Bb7 4. Nc3 Bb4 5. Bf4 f5 6. e3 Nf6 7. Bd3 O-O 8. O-O
Nh5 9. Bg5 Qe8 10. Nb5 Na6 11. a3 Be7 12. Bxe7 Qxe7 13. Nd2 Nf6 14. Qc2 c6 15.
Nc3 d5 16. b4 Nc7 17. c5 Ne4 18. f3 Nxd2 19. Qxd2 e5 20. Rae1 e4 21. fxe4 fxe4
22. Be2 b5 23. Rxf8+ Rxf8 24. Rf1 Rxf1+ 25. Bxf1 Qg5 26. Qf2 Ne6 27. Ne2 Bc8
28. g3 Nf8 29. Nf4 Bg4 30. Be2 h5 31. Bxg4 hxg4 32. Qg2 Qh6 33. Qf2 g5 34. Ng2
Qe6 35. Ne1 Kg7 36. Ng2 Ng6 37. Ne1 Ne7 38. Ng2 Nf5 39. Ne1 Kg6 40. Ng2 Qc8 41.
Qa2 Qa6 42. Qb2 Qa4 43. Qc1 Qb3 44. Kf2 Qa2+ 45. Kg1 Qe2 46. Qc3 Qd1+ 47. Ne1
Kh5 48. Kf2 $11 Qb1 49. Kg1 Qa2 50. Ng2 a6 51. Qc1 Qe2 52. Qc3 Qf3 53. Qc1 Qe2
54. Qc3 $11 Qc4 55. Qd2 Qd3 56. Qc1 Qe2 57. Qc3 Qd1+ 58. Ne1 Qe2 59. Ng2 Qd3
60. Qc1 $11 1/2-1/2

[Event "119th YMCA Winter-D"]
[Site "Warszawa"]
[Date "2013.03.12"]
[Round "10"]
[White "Krzyzanowski, Antoni"]
[Black "Zwolan, Anna"]
[Result "1-0"]
[WhiteElo "1708"]
[BlackElo "1650"]
[PlyCount "101"]
[EventDate "2013.01.08"]
[EventType "tourn"]
[EventRounds "1"]
[EventCountry "POL"]
[SourceDate "2013.01.07"]

1. d4 d5 2. c4 e6 3. Nc3 Nf6 4. Nf3 c6 5. e3 Qa5 6. Qc2 c5 7. Bd2 dxc4 8. Bxc4
Qb6 9. O-O Be7 10. dxc5 Qxc5 11. Na4 Qh5 12. Rfd1 O-O 13. Be2 Bd7 14. Rac1 Nc6
15. Nc5 Bxc5 16. Qxc5 Qg6 17. Ne5 Nxe5 18. Qxe5 Bc6 19. f3 Rfd8 20. e4 Rd7 21.
Be3 a6 22. Rxd7 Nxd7 23. Qc7 Qf6 24. Rxc6 bxc6 25. Qxd7 Qxb2 26. Qxc6 Rb8 27.
Qxa6 h6 28. Kf2 Qc2 29. a4 Rb2 30. a5 Kh7 31. Bb6 Kg6 32. h3 Kh7 33. Bd4 Rb4
34. Be3 Rb2 35. e5 Kg6 36. Bd4 Rb4 37. Qd3+ Qxd3 38. Bxd3+ Kg5 39. Be3+ Kh4 40.
a6 Rb2+ 41. Be2 Ra2 42. a7 g5 43. Bd4 h5 44. Kg1 Kg3 45. Bf2+ Kf4 46. g3+ Kxe5
47. f4+ gxf4 48. Bf3 Rxa7 49. Bxa7 fxg3 50. Bb8+ Kf5 51. Bxh5 1-0

[Event "119th YMCA Winter-D"]
[Site "Warszawa"]
[Date "2013.03.12"]
[Round "10"]
[White "Kaniewska, Emilia"]
[Black "Kalhorn, Marcin"]
[Result "1-0"]
[WhiteElo "1620"]
[BlackElo "1635"]
[PlyCount "66"]
[EventDate "2013.01.08"]
[EventType "tourn"]
[EventRounds "1"]
[EventCountry "POL"]
[SourceDate "2013.01.07"]

1. c4 c6 2. Nf3 d5 3. e3 Nf6 4. b3 Bf5 5. Bb2 Nbd7 6. Be2 Qc7 7. d4 e6 8. O-O
Bd6 9. c5 Be7 10. Nbd2 h6 11. Rc1 Ng8 12. Ne5 Bf6 13. f4 Bxe5 14. dxe5 Ne7 15.
Bf3 O-O-O 16. b4 g5 17. a4 Rdg8 18. Nb3 gxf4 19. exf4 Rg7 20. g3 Rhg8 21. Nd4
Bg4 22. b5 h5 23. bxc6 bxc6 24. Qd3 Nb8 25. Bc3 h4 26. Bxg4 Rxg4 27. Rf3 Ng6
28. Kh1 Qd8 29. Rb1 Qc7 30. Ba5 Qd7 31. Qe2 hxg3 32. Rfb3 g2+ 33. Kg1 Na6 1-0

[Event "119th YMCA Winter-D"]
[Site "Warszawa"]
[Date "2013.03.12"]
[Round "10"]
[White "Jackiewicz, Jerzy"]
[Black "Chylewski, Patryk"]
[Result "0-1"]
[WhiteElo "1522"]
[BlackElo "1666"]
[PlyCount "102"]
[EventDate "2013.01.08"]
[EventType "tourn"]
[EventRounds "1"]
[EventCountry "POL"]
[SourceDate "2013.01.07"]

1. e4 c5 2. Nf3 d6 3. Bc4 e6 4. c3 Nf6 5. d3 a6 6. a4 Nc6 7. Bg5 Be7 8. O-O O-O
9. Nbd2 d5 10. Bxf6 Bxf6 11. Bb3 Rb8 12. Re1 dxe4 13. Nxe4 Be7 14. Bc2 b5 15.
axb5 axb5 16. b3 f5 17. Ng3 Bf6 18. Ne2 b4 19. d4 bxc3 20. dxc5 e5 21. Qxd8
Rxd8 22. Red1 Nb4 23. Ne1 Rd2 24. Nxc3 Nxc2 25. Nxc2 Rxc2 26. Nd5 Rxc5 27.
Nxf6+ gxf6 28. Rd8+ Kf7 29. h4 Rc7 30. h5 Rxb3 31. Ra8 Rbc3 32. Kh2 Kg7 33. f3
Kh6 34. Rd6 R3c6 35. Rxc6 Rxc6 36. Ra7 Be6 37. Kg3 f4+ 38. Kh2 Bf5 39. g4 fxg3+
40. Kxg3 Kxh5 41. Re7 Kg5 42. Rg7+ Bg6 43. Rg8 h5 44. Kf2 h4 45. Kg2 Rc2+ 46.
Kh3 Rf2 47. Rg7 Kh5 48. Rxg6 Kxg6 49. Kxh4 Rxf3 50. Kg4 Ra3 51. Kh4 Kf5 0-1

[Event "119th YMCA Winter-D"]
[Site "Warszawa"]
[Date "2013.03.12"]
[Round "10"]
[White "Rodak, Przemyslaw"]
[Black "Bartczak, Hanna"]
[Result "0-1"]
[WhiteElo "1684"]
[BlackElo "1543"]
[PlyCount "106"]
[EventDate "2013.01.08"]
[EventType "tourn"]
[EventRounds "1"]
[EventCountry "POL"]
[SourceDate "2013.01.07"]

1. d4 d5 2. c4 e6 3. Nc3 Nf6 4. Bg5 Be7 5. e3 c6 6. Nf3 O-O 7. c5 b6 8. b4 Bb7
9. Bd3 Nbd7 10. O-O a5 11. a3 h6 12. Bh4 Nh5 13. Bxe7 Qxe7 14. Re1 axb4 15.
axb4 Rxa1 16. Qxa1 Ra8 17. Qb2 b5 18. Ra1 Qd8 19. Nd2 Rxa1+ 20. Qxa1 Qa8 21.
Qb2 e5 22. Bf5 exd4 23. exd4 Bc8 24. Nf3 Ndf6 25. Bxc8 Qxc8 26. Qa1 Nf4 27. Ne5
Ng4 28. Nd1 Nxe5 29. dxe5 Qg4 30. Ne3 Qg6 31. g3 d4 32. Ng2 Nh3+ 33. Kf1 Qd3+
34. Ke1 Qe4+ 35. Kf1 d3 36. Qe1 Qd5 37. Qd2 Ng5 38. h4 Nf3 39. Qd1 d2 40. Ne3
Qd3+ 41. Kg2 Nxe5 42. Qa1 Qe4+ 43. Kg1 Nf3+ 44. Kf1 Qd3+ 45. Kg2 Ne1+ 46. Kh3
Nc2 47. Qa8+ Kh7 48. Nd1 Qf1+ 49. Kh2 Qxd1 50. Qxc6 Qe1 51. Qf3 Nd4 52. Qd3+ g6
53. Qxd4 d1=Q 0-1

[Event "119th YMCA Winter-D"]
[Site "Warszawa"]
[Date "2013.03.12"]
[Round "10"]
[White "Wilczynski, Adam"]
[Black "Duniec, Mateusz"]
[Result "1-0"]
[WhiteElo "1648"]
[BlackElo "1619"]
[Annotator "Admin"]
[PlyCount "123"]
[EventDate "2013.01.08"]
[EventType "tourn"]
[EventRounds "1"]
[EventCountry "POL"]
[SourceDate "2013.01.07"]

1. c4 e6 2. g3 Nf6 3. Bg2 d5 4. Nf3 Be7 5. O-O O-O 6. d4 dxc4 7. Ne5 c5 8. dxc5
Bxc5 9. Nc3 Na6 10. Nxc4 Qc7 11. Qb3 Nb4 12. Bf4 Qe7 13. Bg5 h6 14. Bxf6 Qxf6
15. Ne4 Qe7 16. Rac1 Na6 17. a3 Rb8 18. Ne5 Bb6 19. Rfd1 Rd8 20. Rxd8+ Qxd8 21.
Rd1 Qc7 $11 22. Qb5 Qe7 23. b4 Nc7 24. Qc4 Nd5 25. Nc5 Nf6 26. e4 Bxc5 27. bxc5
Bd7 28. c6 Bxc6 29. Nxc6 bxc6 30. e5 Nd5 31. a4 Qb7 32. Rc1 Rc8 33. Bf1 Nb4 34.
a5 c5 35. Rb1 Qd5 36. Rxb4 cxb4 37. Qxc8+ Kh7 $11 38. Qc2+ Kg8 39. Bd3 g5 40.
a6 Qxe5 41. Qc8+ Kg7 42. Qb7 Qa1+ 43. Kg2 Qd4 44. Qe4 Qf6 45. Qxb4 Qe5 46. Qe4
Qf6 47. h3 e5 48. Qb7 Qd6 49. Bc4 Qf6 50. Qxa7 Qc6+ 51. Kh2 Qxc4 52. Qb6 Qe4
53. a7 Qf3 54. Qe3 Qd5 55. g4 Kg6 56. Qb6+ Kh7 57. Qb8 Qf3 58. a8=Q Qxf2+ 59.
Qg2 Qf4+ 60. Kg1 Qe3+ 61. Qf2 Qc1+ 62. Kh2 1-0

[Event "119th YMCA Winter-D"]
[Site "Warszawa"]
[Date "2013.03.19"]
[Round "11"]
[White "Chylewski, Patryk"]
[Black "Rodak, Przemyslaw"]
[Result "0-1"]
[WhiteElo "1666"]
[BlackElo "1684"]
[PlyCount "118"]
[EventDate "2013.01.08"]
[EventType "tourn"]
[EventRounds "1"]
[EventCountry "POL"]
[SourceDate "2013.01.07"]

1. d4 d5 2. c4 c6 3. Nf3 Nf6 4. e3 Bg4 5. Qb3 Qb6 6. Nc3 Nbd7 7. Ne5 dxc4 8.
Qxc4 Nxe5 9. dxe5 Be6 10. Qa4 Ng4 11. Qd4 Qa5 12. f4 Rd8 13. Qe4 Bd5 14. Qc2
Qc5 15. Qe2 Nh6 16. e4 Be6 17. Be3 Qa5 18. f5 Bc8 19. Bxh6 gxh6 20. e6 Rd4 21.
exf7+ Kxf7 22. Qh5+ Kg8 23. Qg4+ Bg7 24. Be2 Qc5 25. Rf1 Kf8 26. Qh5 Qb6 27.
Rb1 Bd7 28. f6 exf6 29. e5 Ke7 30. exf6+ Bxf6 31. Qxh6 Rd6 32. Qc1 Kd8 33. b4
Re8 34. Qc2 Qe3 35. Nd1 Qe7 36. g3 Bg4 37. Rf2 Re6 38. Qd2+ Kc8 39. Kf1 Bxe2+
40. Kg1 Bxd1 41. Rxd1 Re1+ 42. Rf1 Rxf1+ 43. Rxf1 Rd8 44. Qc2 Bd4+ 45. Kh1 Qe5
46. h4 Bb6 47. Kh2 Bc7 48. Rf3 Rg8 49. Qf2 b6 50. Rf8+ Rxf8 51. Qxf8+ Kb7 52.
Qf2 Qe4 53. Kh3 Qxb4 54. Qc2 Qa3 55. Qf2 Qd3 56. Kh2 a5 57. Kh3 a4 58. Kh2 a3
59. Kh3 Qc3 0-1

[Event "119th YMCA Winter-D"]
[Site "Warszawa"]
[Date "2013.03.19"]
[Round "11"]
[White "Zwolan, Anna"]
[Black "Kaniewska, Emilia"]
[Result "0-1"]
[WhiteElo "1650"]
[BlackElo "1620"]
[PlyCount "82"]
[EventDate "2013.01.08"]
[EventType "tourn"]
[EventRounds "1"]
[EventCountry "POL"]
[SourceDate "2013.01.07"]

1. e4 c5 2. Ne2 d6 3. g3 Nf6 4. Bg2 e6 5. c3 Nc6 6. d4 cxd4 7. cxd4 d5 8. e5
Nd7 9. O-O Be7 10. Be3 O-O 11. f4 f5 12. Nd2 b5 13. a3 b4 14. Qa4 Bb7 15. Rfc1
Nb6 16. Qd1 Qd7 17. axb4 Nxb4 18. b3 a5 19. Nf3 a4 20. bxa4 Nxa4 21. Nc3 Nb2
22. Qb3 Nc4 23. Bf2 Rfb8 24. Na4 Bc6 25. Nc5 Bxc5 26. dxc5 Na2 27. Qd1 Nxc1 28.
Rxc1 Rb2 29. Bd4 Rba2 30. Rb1 Ba4 31. Qe1 Bc2 32. Rb4 Be4 33. Qc1 Qe8 34. Nh4
Bxg2 35. Nxg2 Qh5 36. Qb1 Qe2 37. Rb8+ Rxb8 38. Qxb8+ Kf7 39. Qc7+ Kg6 40. Nh4+
Kh6 41. Nxf5+ exf5 0-1

[Event "119th YMCA Winter-D"]
[Site "Warszawa"]
[Date "2013.03.19"]
[Round "11"]
[White "Budrewicz, Henryk"]
[Black "Krzyzanowski, Antoni"]
[Result "0-1"]
[WhiteElo "1585"]
[BlackElo "1708"]
[PlyCount "82"]
[EventDate "2013.01.08"]
[EventType "tourn"]
[EventRounds "1"]
[EventCountry "POL"]
[SourceDate "2013.01.07"]

1. g3 e5 2. c4 Nc6 3. Bg2 f5 4. d3 Nf6 5. Nc3 Bb4 6. Bd2 O-O 7. e3 d6 8. a3 Bc5
9. b4 Bb6 10. Nge2 g5 11. Na4 f4 12. Nxb6 axb6 13. Nc3 Ng4 14. O-O Qf6 15. h3
h5 16. Bf3 Nh6 17. g4 Kg7 18. Nd5 Qf7 19. Bc3 Be6 20. d4 hxg4 21. hxg4 e4 22.
Nxc7 Qxc7 23. d5+ Ne5 24. Bxe5+ dxe5 25. Bxe4 Bxg4 26. f3 Bh3 27. Rf2 fxe3 28.
Rc2 Qf7 29. Raa2 Qf4 30. Rg2 Bxg2 31. Rxg2 Rxa3 32. Rc2 g4 33. d6 gxf3 34. Bxf3
Qxf3 35. Rg2+ Kh8 36. Qxf3 Rxf3 37. d7 Ra1+ 38. Kh2 Rd1 39. Rg6 Kh7 40. Re6
Rxd7 41. Rxb6 e2 0-1

[Event "119th YMCA Winter-D"]
[Site "Warszawa"]
[Date "2013.03.19"]
[Round "11"]
[White "Duda, Ryszard"]
[Black "Sanz-Wawer, Daniel"]
[Result "1/2-1/2"]
[WhiteElo "1635"]
[BlackElo "1572"]
[Annotator "Admin"]
[PlyCount "138"]
[EventDate "2013.01.08"]
[EventType "tourn"]
[EventRounds "1"]
[EventCountry "POL"]
[SourceDate "2013.01.07"]

1. e4 e6 2. d4 d5 3. Nd2 Nf6 4. e5 Nfd7 5. Ngf3 c5 6. c3 Nc6 7. Be2 Qb6 8. Nb3
cxd4 9. cxd4 a5 10. Be3 Bb4+ 11. Nbd2 f6 12. exf6 Nxf6 13. O-O O-O 14. a3 Bd6
15. Qb3 Qc7 16. h3 Nh5 17. Rfc1 Nf4 18. Bxf4 Bxf4 19. Qc3 Qf7 20. b4 Bd7 21. b5
Ne7 22. a4 b6 23. Rf1 Ng6 24. Ne5 Nxe5 25. dxe5 Rac8 26. Qb2 Qf5 27. Rac1 Bxe5
28. Qb1 Rxc1 29. Qxc1 Rc8 30. Qd1 Qc2 31. Nf3 Bf6 32. Nd4 Qe4 33. Nf3 Rc3 34.
Re1 Ra3 35. Bf1 Qxa4 36. Qc1 Ra1 37. Qc7 Rxe1 38. Nxe1 Bxb5 39. Qxb6 Bd7 40.
Nd3 Qb5 41. Qa7 Bc6 42. Ne5 Qb7 43. Nxc6 Qxc6 44. Qxa5 d4 45. Qb4 Qd5 46. Bc4
Qe5 47. Qb5 Qe1+ 48. Bf1 h6 49. Qe2 Qxe2 50. Bxe2 e5 51. Bc4+ Kf8 52. Kf1 Ke7
53. Ke2 e4 54. Bd5 d3+ 55. Ke3 Kd6 56. Bxe4 Ke5 57. Bxd3 Bg5+ $11 58. Ke2 Kd4
59. g3 Ke5 60. h4 Bf6 61. f4+ Ke6 62. Kf3 Kf7 63. Kg4 g6 64. Kh3 Kg7 65. g4 g5
66. hxg5 hxg5 67. Kg3 gxf4+ 68. Kxf4 Bb2 69. Bf5 Bc1+ 1/2-1/2

[Event "119th YMCA Winter-D"]
[Site "Warszawa"]
[Date "2013.01.30"]
[Round "12"]
[White "Krzyzanowski, Antoni"]
[Black "Duda, Ryszard"]
[Result "1-0"]
[WhiteElo "1708"]
[BlackElo "1635"]
[PlyCount "47"]
[EventDate "2013.01.08"]
[EventType "tourn"]
[EventRounds "1"]
[EventCountry "POL"]
[SourceDate "2013.01.07"]

1. c4 Nf6 2. g3 c5 3. Bg2 Nc6 4. f4 e5 5. b3 d6 6. Bb2 Be7 7. Nf3 exf4 8. gxf4
O-O 9. O-O Bg4 10. Nc3 Re8 11. d3 Qd7 12. Qd2 Bh3 13. Rf2 Bxg2 14. Rxg2 Nd4 15.
Ne1 d5 16. e3 Ne6 17. cxd5 Nxd5 18. f5 Nec7 19. Nxd5 Nxd5 20. Rxg7+ Kf8 21. e4
Bf6 22. Rxh7 Bxb2 23. Qxb2 Nf4 24. Qg7+ 1-0

[Event "119th YMCA Winter-D"]
[Site "Warszawa"]
[Date "2013.03.15"]
[Round "12"]
[White "Kaniewska, Emilia"]
[Black "Budrewicz, Henryk"]
[Result "1-0"]
[WhiteElo "1620"]
[BlackElo "1585"]
[PlyCount "89"]
[EventDate "2013.01.08"]
[EventType "tourn"]
[EventRounds "1"]
[EventCountry "POL"]
[SourceDate "2013.01.07"]

1. c4 e6 2. Nf3 b6 3. g3 Bb7 4. Bg2 c5 5. O-O f5 6. Nc3 Nf6 7. d4 cxd4 8. Qxd4
Nc6 9. Qf4 a6 10. a3 Be7 11. b4 Nh5 12. Qd2 Bf6 13. Bb2 Qc7 14. Rac1 Ne7 15.
Rfd1 Rd8 16. Na4 O-O 17. c5 b5 18. Nc3 Nd5 19. Nd4 Bc6 20. Nxd5 Bxd5 21. Bxd5
exd5 22. Ba1 Be7 23. Nf3 Nf6 24. Bxf6 Rxf6 25. Qxd5+ Kh8 26. Ne5 Rdf8 27. Nxd7
Rd8 28. Nxf6 Bxf6 29. Qb3 Re8 30. e3 h5 31. h4 Kh7 32. c6 Re4 33. Rd7 Qe5 34.
c7 Rg4 35. c8=Q Rxg3+ 36. fxg3 Qxg3+ 37. Kf1 Qf3+ 38. Ke1 Bxh4+ 39. Kd2 Qg2+
40. Kc3 Bf6+ 41. Rd4 Qe4 42. Qbg8+ Kh6 43. Qh8+ Kg5 44. Rg1+ Kh4 45. Qxh5+ 1-0

[Event "119th YMCA Winter-D"]
[Site "Warszawa"]
[Date "2013.02.28"]
[Round "12"]
[White "Rodak, Przemyslaw"]
[Black "Kalhorn, Marcin"]
[Result "0-1"]
[WhiteElo "1684"]
[BlackElo "1635"]
[PlyCount "110"]
[EventDate "2013.01.08"]
[EventType "tourn"]
[EventRounds "1"]
[EventCountry "POL"]
[SourceDate "2013.01.07"]

1. d4 d5 2. c4 c6 3. Nc3 dxc4 4. Nf3 Nf6 5. e3 b5 6. a4 b4 7. Na2 e6 8. Bxc4
Bb7 9. O-O Be7 10. Re1 O-O 11. e4 c5 12. e5 Nfd7 13. b3 Nb6 14. Bf1 a5 15. Bb2
N8d7 16. h3 Bd5 17. Re3 c4 18. bxc4 Nxc4 19. Bxc4 Bxc4 20. Nh2 Nb6 21. Rg3 Re8
22. Nc1 Qd7 23. Ng4 Kh8 24. Nh2 Bd5 25. Nd3 Rec8 26. Nf4 Bc6 27. Qh5 Qe8 28.
Qg4 g6 29. h4 Nxa4 30. Bc1 Nc3 31. h5 Be4 32. hxg6 Bxg6 33. Nxg6+ fxg6 34. Rh3
Qf7 35. Bh6 Qf5 36. Rf3 Qxg4 37. Nxg4 Kg8 38. Bd2 Ne2+ 39. Kf1 Nxd4 40. Nh6+
Kh8 41. Rf7 Re8 42. Ng4 Nf5 43. Nf6 Bxf6 44. exf6 Kg8 45. Rb7 Kf8 46. g4 Nd6
47. Bh6+ Kg8 48. Rd7 Nf7 49. Be3 Reb8 50. Rc1 Rc8 51. Ra1 a4 52. Rd4 b3 53.
Raxa4 Rxa4 54. Rxa4 b2 55. Rb4 Rc1+ 0-1

[Event "119th YMCA Winter-D"]
[Site "Warszawa"]
[Date "2013.03.08"]
[Round "12"]
[White "Wilczynski, Adam"]
[Black "Chylewski, Patryk"]
[Result "1-0"]
[WhiteElo "1648"]
[BlackElo "1666"]
[PlyCount "91"]
[EventDate "2013.01.08"]
[EventType "tourn"]
[EventRounds "1"]
[EventCountry "POL"]
[SourceDate "2013.01.07"]

1. c4 e5 2. g3 Nc6 3. Bg2 f5 4. Nc3 Nf6 5. d3 g6 6. e4 d6 7. Nge2 Bg7 8. O-O
O-O 9. exf5 Bxf5 10. h3 Qd7 11. g4 Be6 12. Nd5 Rad8 13. Bg5 Ne7 14. Bxf6 Bxf6
15. Nxf6+ Rxf6 16. Qd2 d5 17. Qg5 Rdf8 18. Qxe5 dxc4 19. d4 Bd5 20. Nc3 Bxg2
21. Kxg2 Rf3 22. d5 Rd3 23. Qe6+ Qxe6 24. dxe6 Rf6 25. Rae1 Kf8 26. Re4 c6 27.
Rxc4 Rxe6 28. Rf4+ Kg7 29. Rd1 Rxd1 30. Nxd1 Nd5 31. Rf3 Re2 32. Rb3 b6 33. Kf3
Re6 34. Ne3 Nxe3 35. Rxe3 Rxe3+ 36. Kxe3 Kf6 37. f4 h5 38. Ke4 Ke6 39. Kd4 c5+
40. Kc4 a6 41. a4 Kd6 42. b3 Kc6 43. f5 gxf5 44. gxh5 f4 45. h6 f3 46. Kd3 1-0

[Event "119th YMCA Winter-D"]
[Site "Warszawa"]
[Date "2013.03.06"]
[Round "12"]
[White "Duniec, Mateusz"]
[Black "Bartczak, Hanna"]
[Result "1-0"]
[WhiteElo "1619"]
[BlackElo "1543"]
[Annotator "Admin"]
[PlyCount "123"]
[EventDate "2013.01.08"]
[EventType "tourn"]
[EventRounds "1"]
[EventCountry "POL"]
[SourceDate "2013.01.07"]

1. e4 d6 2. d4 Nf6 3. Nc3 Nbd7 4. Nf3 e5 5. Bc4 Be7 6. O-O O-O 7. h3 c6 8. Bb3
b5 9. a3 Bb7 10. Re1 a5 11. Qd3 exd4 12. Qxd4 c5 13. Qd1 c4 14. Ba2 b4 15. Nd5
Bxd5 16. exd5 Nb6 17. Bg5 Nfxd5 18. Bxe7 Nxe7 19. Qe2 Ng6 20. Bxc4 Nf4 21. Qe4
d5 22. Qxf4 dxc4 23. axb4 axb4 $11 24. Rxa8 Qxa8 25. Rd1 b3 26. cxb3 cxb3 27.
Qb4 Nd5 28. Qxb3 Nf4 29. Qe3 g5 30. Kh2 Re8 31. Qc5 h6 32. Rd2 Qe4 33. Rc2 Ne6
34. Qc4 Qb7 35. Qc6 Qb8+ 36. g3 h5 37. Qd5 Rd8 38. Qe5 Qb3 39. Qc3 Qd5 40. Rd2
Qa8 41. Rxd8+ Qxd8 42. b4 Qb6 43. Kg2 Qb7 44. Qc4 Kh7 45. b5 Kh6 46. Qc6 Qxc6
47. bxc6 Kg7 48. Ne5 Kf6 49. Nd3 Ke7 50. h4 f6 51. f4 g4 52. Kf2 Kd6 53. f5 Nd4
54. Nf4 Nxc6 55. Nxh5 Ke5 56. Ng7 Nd4 57. Ke3 Nxf5+ 58. Nxf5 Kxf5 59. Kd4 Ke6
60. Ke4 f5+ 61. Kf4 Kf6 62. h5 1-0